| 000 | 00752cam a22002295a 4500 | ||
|---|---|---|---|
| 008 | 110407s2010 enk||||frb||| 001 0 eng d | ||
| 020 | _a0230573339 | ||
| 020 | _a9780230573338 | ||
| 040 |
_aEG-ScBUE _beng _cEG-ScBUE |
||
| 082 |
_a306.2 _bTAY _222 |
||
| 100 | 1 |
_aTaylor, Graham _922918 |
|
| 245 | 0 | 0 |
_aThe New Political Sociology : _bPower, Ideology and Identity in an Age of Complexity / _cGraham Taylor |
| 260 |
_aBasingstoke : _aNew York : _bPalgrave Macmillan, _cc.2010. |
||
| 300 |
_a234 p. ; _c22 cm. |
||
| 500 | _aIndex : p. 223-234. | ||
| 504 | _aIncludes bibliographical references p. 201-222. | ||
| 590 | _adoaa mohamed | ||
| 651 | _2BUEsh | ||
| 653 | _bBUSBOL | ||
| 650 |
_911062 _aPolitical sociology _2BUEsh |
||
| 942 |
_2ddc _cBB |
||
| 999 |
_c15075 _d15075 |
||